Estatísticas para Países mais próximos de EÁU - um minuto corrida

Clique aqui para jogar o quiz

Estatísticas Gerais

  • Esse quiz foi jogado 29 vezes
  • A pontuação média é 13 de 20

Estatísticas das Respostas

kmpaís% Correto
0Arábia Saudita
95%
443Iémen
95%
66Irão
95%
683Iraque
95%
0Omã
95%
32Catar
91%
560Kuweit
86%
158Bahrein
82%
529Paquistão
77%
1515Síria
77%
1206Índia
68%
627Afeganistão
64%
1488Jordânia
59%
1562Turquia
55%
1234Somália
50%
1108Eritreia
41%
1515Djibouti
32%
1165Turquemenistão
27%
1540Azerbaijão
23%
1516Sudão
5%

Distribuição das Pontuações

Percentil de Números Respondidos

Porcentagem de Pessoas com Cada Pontuação

Sua Pontuação Histórica

Você não jogou esse quiz